Harry Potter By Numbers II Quiz Stats

Quiz Updated Jan 14, 2016

Challenge
Share
Tweet
Embed
Score 0/36 Timer 06:00
2 Plays Today
Hint Answer % Correct
Voldemort's horcruxesHarry Potter
95.6%
Sorcerer's Stone obstacles defeated by Harry, Ron, and HermioneChess
90.7%
Voldemort's horcruxesNagini
89.5%
Sorcerer's Stone obstacles defeated by Harry, Ron, and HermionePotions riddle
88.9%
Marauders' nicknamesPadfoot
88.7%
Voldemort's horcruxesTom Riddle's diary
88.5%
Marauders' nicknamesMoony
87.8%
Marauders' nicknamesWormtail
87.2%
Marauders' nicknamesProngs
86.8%
Classes Harry took in his sixth yearPotions
86.5%
Unforgivable cursesKilling curse
86.2%
Unforgivable cursesCruciatus curse
85.1%
New prefects during Harry's fifth yearRon Weasley
85%
Voldemort's horcruxesRing
84%
Voldemort's horcruxesRavenclaw's diadem
83.9%
New prefects during Harry's fifth yearHermione Granger
83.8%
Classes Harry took in his sixth yearDefense Against the Dark Arts
83.7%
Voldemort's horcruxesSlytherin's locket
83.7%
Hint Answer % Correct
Sorcerer's Stone obstacles defeated by Harry, Ron, and HermioneFluffy
83.6%
Voldemort's horcruxesHufflepuff's cup
81.5%
Sorcerer's Stone obstacles defeated by Harry, Ron, and HermioneWinged keys
80.3%
New prefects during Harry's fifth yearDraco Malfoy
79.9%
Unforgivable cursesImperius curse
77.6%
Dark Wizard defeated by DumbledoreGellert Grindelwald
77.3%
Sorcerer's Stone obstacles defeated by Harry, Ron, and HermioneDevil's snare
76.1%
Classes Harry took in his sixth yearTransfiguration
73.7%
Sorcerer's Stone obstacles defeated by Harry, Ron, and HermioneMirror of Erised
71.5%
Classes Harry took in his sixth yearCharms
69.8%
First names of Neville's parentsAlice
65%
First names of Neville's parentsFrank
64.8%
Classes Harry took in his sixth yearHerbology
64.6%
New prefects during Harry's fifth yearPansy Parkinson
63.9%
New prefects during Harry's fifth yearErnie Macmillan
46.9%
New prefects during Harry's fifth yearHannah Abbott
46.8%
New prefects during Harry's fifth yearPadma Patil
43.3%
New prefects during Harry's fifth yearAnthony Goldstein
21.5%

You're not logged in!

Compare scores with friends on all Sporcle quizzes.
Join for Free
OR
Log In

You Might Also Like...

Show Comments

Extras

Top Quizzes Today


Score Distribution

Your Account Isn't Verified!

In order to create a playlist on Sporcle, you need to verify the email address you used during registration. Go to your Sporcle Settings to finish the process.

Report this User

Report this user for behavior that violates our Community Guidelines.

Details: